000 00472nam a2200229Ia 4500
003 IT-RoPAU
008 120407s9999 xx 000 0 und d
040 _aIT-RoPAU
040 _cIT-RoPAU
041 _aita
100 _aMichael Walzer
245 _aEsodo e rivoluzione.
250 _aMilano
260 _aFeltrinelli
260 _c1986
300 _a111 p.
300 _c20 cm
490 _aIdee Feltrinelli
490 _v1
942 _cBK
999 _c24413
_d24413